000 00938nam a2200241Ia 4500
003 GCL
008 140319s9999 xx 000 0 ara d
020 _a0015683977
040 _aGCL /
_cGCL
082 0 4 _a020.285
_bك ت
100 1 _aمحمد امان صافى
245 1 0 _aتصميم نظم المكتبات المبنية على الحاسب الالكترونى /
_cمحمد امان صافى
700 1 _aكوربين,جون
250 _aالاولى
260 _aالقاهرة :
_bمركز الاسكندرية للوسائط الثقافية والمكتبات ،
_c1996
300 _a345 ص ؛
_c24 سم
490 _aسلسلة المعلومات والحاسب الالكترونى
_v0
650 0 4 _aالحاسبات الالكترونية
650 0 4 _aمراكز المعلومات
650 0 4 _aالمكتبات الالية
650 0 4 _aالمكتبات - برامج الحاسبات
942 _2ddc
_cBK
999 _c52190
_d52190